00323nam a2200097 a 4500008004100000050001700041100002500058245010500083260002800188350000900216120416s2003 ||||||||||||||||| || u aPAPERS/STAFF aSimposya, Mumbaala A10aPeace studies programmes under the Dag Hammarskjold Chair of Peace, Human Rights and Conflict Manage aWashington, D. C.c2003 a0.00